[Event "2. Bundesliga Ost 2018/2019"]
[Site "alle Wien"]
[Date "2019.03.10"]
[Round "9"]
[Board "5"]
[White "Djeno, Drago"]
[Black "Alvir, Aco"]
[Result "1/2-1/2"]
[WhiteElo "2253"]
[BlackElo "2303"]
[PlyCount "61"]
[EventDate "2018.10.06"]
[EventType "team"]
[EventRounds "11"]
[EventCountry "AUT"]
[WhiteTeam "SK Hietzing"]
[BlackTeam "ASVOE Pamhagen"]

1. c4 g6 2. g3 Bg7 3. Bg2 c5 4. Nf3 Nc6 5. O-O Nf6 6. Nc3 O-O 7. d4 d6 8. e3
Bf5 9. b3 Ne4 10. Bb2 Nxc3 11. Bxc3 Be4 12. Qd2 cxd4 13. Nxd4 Bxg2 14. Kxg2
Nxd4 15. Bxd4 Qc7 16. Bxg7 Kxg7 17. Qd5 Qc6 18. Rfd1 Rfc8 19. e4 Qxd5 20. Rxd5
Rc6 21. e5 dxe5 22. Rxe5 e6 23. Rd1 Rac8 24. Rd7 R6c7 25. Rxc7 Rxc7 26. Kf3 Kf6
27. Re3 Ke7 28. Rd3 Rc5 29. Ke3 b6 30. Kd2 h5 31. h4  1/2-1/2

[Event "2. Bundesliga Ost 2018/2019"]
[Site "alle Wien"]
[Date "2019.03.10"]
[Round "9"]
[Board "6"]
[White "Franzen, Jozef"]
[Black "Prager, Manfred"]
[Result "0-1"]
[WhiteElo "2256"]
[BlackElo "1970"]
[PlyCount "94"]
[EventDate "2018.10.06"]
[EventType "team"]
[EventRounds "11"]
[EventCountry "AUT"]
[WhiteTeam "ASVOE Pamhagen"]
[BlackTeam "SK Hietzing"]

1. e4 c5 2. Nf3 d6 3. c3 Nf6 4. Bd3 Nc6 5. Bc2 e5 6. O-O Be7 7. Re1 Bg4 8. d3
O-O 9. Nbd2 b5 10. h3 Bh5 11. Nf1 a5 12. a4 b4 13. Ng3 Bg6 14. Nh4 Ne8 15. Nxg6
fxg6 16. Bb3+ Kh8 17. Qg4 Nf6 18. Qe2 Rb8 19. Bc4 Ne8 20. Nf1 Nc7 21. Ne3 Bg5
22. g3 Qf6 23. Kg2 h5 24. Rf1 Kh7 25. f4 exf4 26. Nd5 Nxd5 27. Bxd5 Ne7 28. Bc4
bxc3 29. bxc3 Qe5 30. gxf4 Bxf4 31. Bxf4 Rxf4 32. Rxf4 Qxf4 33. Rf1 Qe5 34. Qd2
d5 35. exd5 Nf5 36. Rf4 g5 37. Rxf5 Qxf5 38. Qe2 Kh6 39. d6 Qf6 40. Qe6 Qxe6
41. Bxe6 Kg6 42. d4 cxd4 43. c4 Kf6 44. Bd5 Ke5 45. d7 Kd6 46. Bf3 Kxd7 47.
Bxh5 Rb4  0-1

[Event "2. Bundesliga Ost 2018/2019"]
[Site "alle Wien"]
[Date "2019.03.10"]
[Round "9"]
[Board "1"]
[White "Frindt, Kornel"]
[Black "Pacher, Milan"]
[Result "0-1"]
[WhiteElo "2217"]
[BlackElo "2457"]
[PlyCount "58"]
[EventDate "2018.10.06"]
[EventType "team"]
[EventRounds "11"]
[EventCountry "AUT"]
[WhiteTeam "Wiener Amateurschachklub"]
[BlackTeam "SK Austria"]

1. c4 e5 2. g3 Nc6 3. Bg2 Bc5 4. Nc3 a6 5. Nf3 d6 6. a3 Nf6 7. d3 h6 8. O-O O-O
9. Nd2 Ba7 10. Nd5 Nxd5 11. cxd5 Ne7 12. Nc4 f5 13. Be3 f4 14. Bxa7 Rxa7 15. d4
b5 16. Nd2 Bb7 17. a4 bxa4 18. Nc4 e4 19. Bxe4 Bxd5 20. Bxd5+ Nxd5 21. Rxa4 Qg5
22. Ra5 Rb7 23. Rxa6 fxg3 24. hxg3 Nf4 25. Ra5 Qg4 26. Ne3 Nxe2+ 27. Kg2 Qf3+
28. Kh2 Rxb2 29. Ng2 Nxg3  0-1

[Event "2. Bundesliga Ost 2018/2019"]
[Site "alle Wien"]
[Date "2019.03.10"]
[Round "9"]
[Board "2"]
[White "Nagy, Bence"]
[Black "Wiedermann, Daniel"]
[Result "0-1"]
[WhiteElo "2381"]
[BlackElo "2067"]
[PlyCount "78"]
[EventDate "2018.10.06"]
[EventType "team"]
[EventRounds "11"]
[EventCountry "AUT"]
[WhiteTeam "SK Austria"]
[BlackTeam "Wiener Amateurschachklub"]

1. e4 c6 2. d4 d5 3. Nc3 dxe4 4. Nxe4 Bf5 5. Ng3 Bg6 6. Nf3 Nd7 7. h4 h6 8. h5
Bh7 9. Bd3 Bxd3 10. Qxd3 e6 11. Bf4 Qa5+ 12. Bd2 Bb4 13. c3 Be7 14. c4 Qa4 15.
O-O Ngf6 16. Rfe1 Rd8 17. b3 Qa3 18. Qc2 O-O 19. Re3 Bb4 20. Bc1 Qa6 21. a3 b5
22. c5 Ba5 23. b4 Bc7 24. a4 Nd5 25. Rea3 N7f6 26. Ne5 Nxb4 27. Qe2 Rxd4 28.
Bb2 Bxe5 29. Qxe5 Rd5 30. Qc3 Nd3 31. Ne4 b4 32. Nxf6+ Kh8 33. Qc2 bxa3 34.
Rxa3 gxf6 35. Bxf6+ Kh7 36. Qe2 Qc4 37. Rc3 Qf4 38. Be7 Re8 39. g3 Qxf2+  0-1

[Event "2. Bundesliga Ost 2018/2019"]
[Site "alle Wien"]
[Date "2019.03.10"]
[Round "9"]
[Board "3"]
[White "Lipp, Alfred"]
[Black "Hangweyrer, Manfred"]
[Result "0-1"]
[WhiteElo "1996"]
[BlackElo "2351"]
[PlyCount "86"]
[EventDate "2018.10.06"]
[EventType "team"]
[EventRounds "11"]
[EventCountry "AUT"]
[WhiteTeam "Wiener Amateurschachklub"]
[BlackTeam "SK Austria"]

1. d4 d5 2. c4 c6 3. Nf3 Nf6 4. Nc3 dxc4 5. a4 e6 6. e3 c5 7. Bxc4 cxd4 8. exd4
Be7 9. O-O O-O 10. Bg5 Nc6 11. Re1 Nb4 12. Ne5 b6 13. Qf3 Rb8 14. Rad1 Bb7 15.
Qh3 Nfd5 16. Bxe7 Qxe7 17. Qg3 Rbc8 18. Bb3 Rfd8 19. h4 Qf6 20. Ne4 Qf4 21. Ng5
Qxg3 22. fxg3 Rc7 23. Rf1 Rf8 24. Rc1 Re7 25. Rf3 f6 26. Rcf1 Rd8 27. Ngf7 Rxf7
28. Nxf7 Kxf7 29. g4 Ne7 30. Re3 Bd5 31. Bxd5 Nexd5 32. Re4 Rc8 33. Rfe1 Rc6
34. R1e2 a5 35. h5 h6 36. Kh2 Nc7 37. Kg3 Nbd5 38. Kh4 Rc4 39. b3 Rc3 40. Rb2
Ne3 41. g3 Ncd5 42. Kh3 Rd3 43. Rf2 Rxb3  0-1

[Event "2. Bundesliga Ost 2018/2019"]
[Site "alle Wien"]
[Date "2019.03.10"]
[Round "9"]
[Board "4"]
[White "Macko, Miroslav"]
[Black "Reyes-Acevedo, Ismael"]
[Result "1-0"]
[WhiteElo "2294"]
[BlackElo "1964"]
[PlyCount "57"]
[EventDate "2018.10.06"]
[EventType "team"]
[EventRounds "11"]
[EventCountry "AUT"]
[WhiteTeam "SK Austria"]
[BlackTeam "Wiener Amateurschachklub"]

1. e4 e5 2. Nf3 Nf6 3. Nxe5 d6 4. Nf3 Nxe4 5. Nc3 Nxc3 6. dxc3 Be7 7. Bd3 Bg4
8. h3 Bh5 9. Be3 Nd7 10. g4 Bg6 11. Nd4 Nc5 12. Bf5 c6 13. Qe2 Na4 14. O-O-O
O-O 15. Bxg6 hxg6 16. Qc4 Nb6 17. Qd3 d5 18. h4 Nc4 19. h5 Qb6 20. b3 Ne5 21.
Qe2 Qa5 22. Kb1 Qxc3 23. Bc1 Bd6 24. Bb2 Qa5 25. f4 Nd7 26. hxg6 Bxf4 27. Nf5
fxg6 28. Qe6+ Rf7 29. Ne7+  1-0

[Event "2. Bundesliga Ost 2018/2019"]
[Site "alle Wien"]
[Date "2019.03.10"]
[Round "9"]
[Board "5"]
[White "Jirovec, Alfred"]
[Black "Druckenthaner, Andreas"]
[Result "0-1"]
[WhiteElo "1977"]
[BlackElo "2304"]
[PlyCount "62"]
[EventDate "2018.10.06"]
[EventType "team"]
[EventRounds "11"]
[EventCountry "AUT"]
[WhiteTeam "Wiener Amateurschachklub"]
[BlackTeam "SK Austria"]

1. Nf3 f5 2. c4 Nf6 3. d4 e6 4. Nc3 Be7 5. g3 O-O 6. Bg2 d6 7. O-O Ne4 8. Qb3
Nc6 9. a3 Bf6 10. Rd1 Nxc3 11. Qxc3 a5 12. Qc2 Qe8 13. Bg5 e5 14. Bxf6 Rxf6 15.
dxe5 dxe5 16. c5 a4 17. Qc3 h6 18. Rd5 e4 19. Nd4 Ne7 20. Re5 Qf7 21. Rd1 Ng6
22. Nb5 Be6 23. e3 Bb3 24. Rd2 Nxe5 25. Qxe5 Re8 26. Qc3 Qc4 27. Bf1 Qxc3 28.
bxc3 Rc6 29. Nd4 Rxc5 30. Nxb3 axb3 31. Rb2 Rxc3  0-1

[Event "2. Bundesliga Ost 2018/2019"]
[Site "alle Wien"]
[Date "2019.03.10"]
[Round "9"]
[Board "6"]
[White "Iro, Christian"]
[Black "Jirovec, Peter"]
[Result "1-0"]
[WhiteElo "2045"]
[BlackElo "1748"]
[PlyCount "99"]
[EventDate "2018.10.06"]
[EventType "team"]
[EventRounds "11"]
[EventCountry "AUT"]
[WhiteTeam "SK Austria"]
[BlackTeam "Wiener Amateurschachklub"]

1. e4 e6 2. d4 d5 3. Nd2 c5 4. exd5 Qxd5 5. Ngf3 Nf6 6. Bc4 Qd8 7. O-O cxd4 8.
Nb3 Nc6 9. Nbxd4 Nxd4 10. Qxd4 Qxd4 11. Nxd4 Bc5 12. Nb5 O-O 13. Bf4 Bd7 14.
Rad1 Bc6 15. Be2 a6 16. Nd4 Bd5 17. c4 Be4 18. Nb3 Ba7 19. Nd2 Bc6 20. Nf3 Rad8
21. Ne5 Be4 22. Be3 Bxe3 23. fxe3 Bc2 24. Rd4 Rxd4 25. exd4 Rd8 26. Rc1 Be4 27.
Rd1 Nd7 28. Nxd7 Rxd7 29. Bf3 Bxf3 30. gxf3 Kf8 31. Kf2 Ke7 32. Ke3 f5 33. b4
b6 34. a4 Rc7 35. c5 bxc5 36. bxc5 Rb7 37. d5 Rb3+ 38. Kf4 Rb4+ 39. Ke5 exd5
40. Rxd5 Rxa4 41. c6 Rc4 42. Rd7+ Ke8 43. Kd6 Rd4+ 44. Kc7 Rc4 45. Rxg7 a5 46.
Rxh7 a4 47. Rh8+ Ke7 48. Ra8 Rh4 49. Kb6 Rxh2 50. c7  1-0

[Event "2. Bundesliga Ost 2018/2019"]
[Site "alle Wien"]
[Date "2019.03.10"]
[Round "9"]
[Board "1"]
[White "Jovanovic, Dusan"]
[Black "Stanec, Nikolaus"]
[Result "1/2-1/2"]
[WhiteElo "2401"]
[BlackElo "2473"]
[PlyCount "72"]
[EventDate "2018.10.06"]
[EventType "team"]
[EventRounds "11"]
[EventCountry "AUT"]
[WhiteTeam "SK Sparkasse Bad Voeslau"]
[BlackTeam "SC Donaustadt"]

1. Nf3 d6 2. d4 Nf6 3. b3 g6 4. Bb2 Bg7 5. g3 O-O 6. Bg2 c6 7. O-O a5 8. Nbd2
a4 9. a3 axb3 10. cxb3 d5 11. b4 Bf5 12. h3 Ne4 13. Ne5 Nxd2 14. Qxd2 Nd7 15.
g4 Be6 16. f4 Nb6 17. f5 gxf5 18. gxf5 Bc8 19. Qf4 f6 20. Nd3 Nc4 21. Bc1 Nd6
22. e4 dxe4 23. Bxe4 Kh8 24. Ra2 Rg8 25. Rg2 Bh6 26. Qxh6 Nxe4 27. Rf4 Qxd4+
28. Nf2 Bxf5 29. Rxf5 Rxg2+ 30. Kxg2 Nxf2 31. Rxf2 Rg8+ 32. Kf3 Qd5+ 33. Ke2
Qc4+ 34. Kf3 Qd5+ 35. Ke2 Qc4+ 36. Kf3 Qd5+  1/2-1/2

[Event "2. Bundesliga Ost 2018/2019"]
[Site "alle Wien"]
[Date "2019.03.10"]
[Round "9"]
[Board "2"]
[White "Pingitzer, Harald"]
[Black "Juhasz, Kristof"]
[Result "1/2-1/2"]
[WhiteElo "2314"]
[BlackElo "2410"]
[PlyCount "66"]
[EventDate "2018.10.06"]
[EventType "team"]
[EventRounds "11"]
[EventCountry "AUT"]
[WhiteTeam "SC Donaustadt"]
[BlackTeam "SK Sparkasse Bad Voeslau"]

1. e4 e6 2. d4 d5 3. Nc3 Nf6 4. Bg5 dxe4 5. Nxe4 Be7 6. Nxf6+ Bxf6 7. Bxf6 Qxf6
8. c3 O-O 9. Qf3 Qxf3 10. Nxf3 b6 11. Be2 Bb7 12. O-O Nd7 13. Rad1 Rfd8 14. Ne5
Nxe5 15. dxe5 a5 16. Rxd8+ Rxd8 17. Rd1 Rxd1+ 18. Bxd1 f6 19. exf6 gxf6 20. f4
Kf7 21. Kf2 f5 22. g3 Kf6 23. a3 e5 24. Ke3 Bd5 25. b4 c5 26. g4 fxg4 27. Bxg4
cxb4 28. cxb4 axb4 29. axb4 h6 30. h4 Bc6 31. Bh3 Bd5 32. Bg4 Bc6 33. Bh3 Bd5
 1/2-1/2

[Event "2. Bundesliga Ost 2018/2019"]
[Site "alle Wien"]
[Date "2019.03.10"]
[Round "9"]
[Board "3"]
[White "Grimm, Daniel"]
[Black "Kummer, Helmut"]
[Result "1/2-1/2"]
[WhiteElo "2288"]
[BlackElo "2297"]
[PlyCount "116"]
[EventDate "2018.10.06"]
[EventType "team"]
[EventRounds "11"]
[EventCountry "AUT"]
[WhiteTeam "SK Sparkasse Bad Voeslau"]
[BlackTeam "SC Donaustadt"]

1. e4 e5 2. Nf3 Nc6 3. Bc4 Nf6 4. d3 Bc5 5. c3 d6 6. Bb3 a6 7. Qe2 Be6 8. Bc2
h6 9. Nbd2 Ba7 10. h3 O-O 11. Nf1 d5 12. g4 Nh7 13. Ng3 Ng5 14. h4 Nxf3+ 15.
Qxf3 Qd7 16. Nf5 f6 17. Bb3 Rad8 18. h5 dxe4 19. Bxe6+ Qxe6 20. Qxe4 Rd7 21.
Rh3 Qd5 22. Qxd5+ Rxd5 23. Ke2 Rfd8 24. b3 Kf7 25. Ba3 Bb6 26. Bb2 Ne7 27. Nxe7
Kxe7 28. Rd1 Ke6 29. Bc1 Rc5 30. Bb2 Ra5 31. a3 Rad5 32. Bc1 c6 33. Rf1 Rb5 34.
b4 Rbd5 35. f4 Bc7 36. fxe5 Rxe5+ 37. Re3 b5 38. Rxe5+ Bxe5 39. Bd2 Re8 40. Rf5
Kd6 41. Kf3 Kd7 42. Kf2 Ra8 43. Ke2 a5 44. d4 Bd6 45. d5 axb4 46. dxc6+ Kxc6
47. axb4 Ra1 48. Be1 Be5 49. Rf3 Ra2+ 50. Bd2 Kd5 51. Re3 Kc4 52. Rd3 Kb3 53.
Kf3 Ra7 54. Rd5 Ka4 55. Ke4 Rc7 56. Rc5 Rd7 57. Rd5 Rc7 58. Rc5 Rd7  1/2-1/2

[Event "2. Bundesliga Ost 2018/2019"]
[Site "alle Wien"]
[Date "2019.03.10"]
[Round "9"]
[Board "4"]
[White "Froewis, Annika"]
[Black "Wilke, Werner"]
[Result "1-0"]
[WhiteElo "2113"]
[BlackElo "2223"]
[PlyCount "83"]
[EventDate "2018.10.06"]
[EventType "team"]
[EventRounds "11"]
[EventCountry "AUT"]
[WhiteTeam "SC Donaustadt"]
[BlackTeam "SK Sparkasse Bad Voeslau"]

1. e4 c5 2. Nf3 Nc6 3. d4 cxd4 4. Nxd4 e5 5. Nb5 d6 6. N1c3 a6 7. Na3 Nf6 8.
Bg5 Be7 9. Bxf6 Bxf6 10. Nc4 Nd4 11. Nd5 b5 12. Ncb6 Rb8 13. Nxc8 Rxc8 14. c3
Ne6 15. a4 Rb8 16. axb5 axb5 17. Qb3 O-O 18. Bxb5 Nc5 19. Qc4 Nxe4 20. b4 Bg5
21. Qxe4 Rxb5 22. O-O Qc8 23. c4 f5 24. Qe2 Rb7 25. Ra6 Qd7 26. Rd1 Rd8 27. Qh5
Be7 28. b5 g6 29. Qf3 Kg7 30. Qa3 Bf8 31. Qd3 Ra7 32. Rxa7 Qxa7 33. Nb4 Qa4 34.
Nc6 Ra8 35. h4 h5 36. Kh2 Kh7 37. Qd5 Qc2 38. Qf7+ Kh6 39. Nxe5 f4 40. Rd3 dxe5
41. Rd7 g5 42. Qf6+  1-0

[Event "2. Bundesliga Ost 2018/2019"]
[Site "alle Wien"]
[Date "2019.03.10"]
[Round "9"]
[Board "5"]
[White "Lampl, Gerald"]
[Black "Kropik, Martin"]
[Result "1/2-1/2"]
[WhiteElo "2106"]
[BlackElo "2098"]
[PlyCount "84"]
[EventDate "2018.10.06"]
[EventType "team"]
[EventRounds "11"]
[EventCountry "AUT"]
[WhiteTeam "SK Sparkasse Bad Voeslau"]
[BlackTeam "SC Donaustadt"]

1. d4 d5 2. c4 e6 3. Nf3 Nf6 4. g3 Bb4+ 5. Bd2 Bxd2+ 6. Nbxd2 O-O 7. Bg2 Nc6 8.
O-O b6 9. Qc2 Bb7 10. Rfd1 Qe7 11. a3 Rac8 12. Rac1 Rfd8 13. b4 e5 14. dxe5
Nxe5 15. Nxe5 Qxe5 16. Nf3 Qe8 17. c5 Ba6 18. Nd4 Bc4 19. c6 b5 20. Re1 Qe5 21.
Rcd1 Re8 22. e3 g6 23. a4 a6 24. h3 Ne4 25. axb5 axb5 26. Bxe4 dxe4 27. Ra1 Ra8
28. Ra5 Rxa5 29. bxa5 Ra8 30. Ra1 Ra6 31. Qb1 Bd3 32. Qb4 Kg7 33. Rc1 Bc4 34.
Kg2 h5 35. h4 Ra8 36. Qc3 Ra6 37. Qb4 Ra8 38. Qc3 Kg8 39. Qb4 Ra6 40. Rc3 Kg7
41. Rc2 Kg8 42. Rc1 Kg7  1/2-1/2

[Event "2. Bundesliga Ost 2018/2019"]
[Site "alle Wien"]
[Date "2019.03.10"]
[Round "9"]
[Board "1"]
[White "Mikes, Jan"]
[Black "Rubil, Marko"]
[Result "1-0"]
[WhiteElo "2307"]
[BlackElo "2207"]
[PlyCount "117"]
[EventDate "2018.10.06"]
[EventType "team"]
[EventRounds "11"]
[EventCountry "AUT"]
[WhiteTeam "SG Mistelbach/Altlichtenwarth"]
[BlackTeam "SK Advisory Invest Baden"]

1. e4 e5 2. Nf3 Nc6 3. d4 exd4 4. Nxd4 Bc5 5. Nb3 Bb6 6. Nc3 Nf6 7. Qe2 O-O 8.
Bg5 h6 9. Bh4 a5 10. O-O-O a4 11. Nd2 a3 12. e5 axb2+ 13. Kb1 Nd4 14. Qd3 d5
15. Bxf6 gxf6 16. Qg3+ Kh8 17. Qf4 fxe5 18. Qxe5+ f6 19. Qf4 Bf5 20. Qxh6+ Kg8
21. Nf3 Bxc2+ 22. Kxb2 Qe7 23. Rxd4 Bf5 24. a4 Bxd4 25. Nxd4 Qb4+ 26. Nb3 Rad8
27. Qh5 Bh7 28. Nxd5 Qe4 29. Ne3 Qb1+ 30. Ka3 Kh8 31. g3 b5 32. Qxb5 Rb8 33.
Bg2 Qg6 34. Qc4 Rfd8 35. Rd1 Rxd1 36. Nxd1 Qh6 37. Ne3 Qf8+ 38. Nc5 Bg8 39. Bd5
Bh7 40. Qc3 c6 41. Bb3 Qd6 42. Ka2 Bg8 43. Bxg8 Rxg8 44. Ne4 Qe6+ 45. Qc4 Qe5
46. Qxc6 Rf8 47. Qd5 Qe8 48. Nc5 Qg6 49. Qf5 Qf7+ 50. Qe6 Qh5 51. Qe7 Kg8 52.
g4 Qxh2 53. Nf5 Qh7 54. Qe6+ Kh8 55. Nd7 Qh2 56. Qb6 Rf7 57. Qd8+ Kh7 58. Nf8+
Kg8 59. Ng6+  1-0

[Event "2. Bundesliga Ost 2018/2019"]
[Site "alle Wien"]
[Date "2019.03.10"]
[Round "9"]
[Board "2"]
[White "Ly, Dominik"]
[Black "Hofmann, Thomas"]
[Result "1/2-1/2"]
[WhiteElo "2238"]
[BlackElo "2262"]
[PlyCount "60"]
[EventDate "2018.10.06"]
[EventType "team"]
[EventRounds "11"]
[EventCountry "AUT"]
[WhiteTeam "SK Advisory Invest Baden"]
[BlackTeam "SG Mistelbach/Altlichtenwarth"]

1. e4 c5 2. Nf3 e6 3. b3 a6 4. Bb2 Nc6 5. d4 cxd4 6. Nxd4 Qf6 7. Bc3 Qg6 8. Nd2
Bc5 9. Nxc6 bxc6 10. Qf3 f6 11. Bd3 Qf7 12. e5 f5 13. Qf4 Nh6 14. Bb4 Qe7 15.
Bxc5 Qxc5 16. O-O O-O 17. Nf3 Nf7 18. Rfe1 Rb8 19. Rad1 Qb4 20. Qxb4 Rxb4 21.
Bf1 a5 22. Nd2 a4 23. Nc4 Rd8 24. a3 Rb8 25. b4 Ba6 26. Nd6 Bxf1 27. Kxf1 Nxd6
28. Rxd6 Kf8 29. Red1 Ke7 30. c4 Rb7  1/2-1/2

[Event "2. Bundesliga Ost 2018/2019"]
[Site "alle Wien"]
[Date "2019.03.10"]
[Round "9"]
[Board "3"]
[White "Groetz, Harald"]
[Black "Trippold, Denise"]
[Result "1/2-1/2"]
[WhiteElo "2339"]
[BlackElo "2171"]
[PlyCount "112"]
[EventDate "2018.10.06"]
[EventType "team"]
[EventRounds "11"]
[EventCountry "AUT"]
[WhiteTeam "SG Mistelbach/Altlichtenwarth"]
[BlackTeam "SK Advisory Invest Baden"]

1. Nf3 c5 2. g3 d5 3. Bg2 Nf6 4. O-O e6 5. d3 Nc6 6. Nbd2 Be7 7. e4 O-O 8. Re1
Qc7 9. c3 b6 10. a3 a5 11. e5 Nd7 12. d4 cxd4 13. cxd4 f6 14. exf6 Nxf6 15. Nf1
Ne4 16. Bf4 Qd8 17. Rc1 Bd7 18. Be3 Bf6 19. N1d2 Nd6 20. Qe2 Nf5 21. Qd3 Qe7
22. Nb1 Nd6 23. Nc3 Be8 24. Bf4 Qd7 25. Bh3 Nf5 26. Rxe6 Qxe6 27. Bxf5 Qf7 28.
Re1 Kh8 29. Be6 Qh5 30. Nxd5 Bg6 31. Qc3 Nd8 32. Nxb6 Nxe6 33. Rxe6 Rae8 34.
Nd7 Rxe6 35. Nxf8 Re8 36. Nxg6+ Qxg6 37. Be5 h6 38. Kg2 Bxe5 39. dxe5 a4 40.
Qc4 Rb8 41. Qxa4 Rxb2 42. Qd4 Ra2 43. a4 Qa6 44. h4 Rxa4 45. Qd8+ Kh7 46. Qd7
Ra1 47. Qf5+ Kg8 48. Nh2 Re1 49. Kh3 Rh1 50. Kg2 Qc6+ 51. Nf3 Re1 52. h5 Re2
53. Kf1 Qc4 54. Kg2 Qc6 55. Kf1 Qc4 56. Kg2 Qc6  1/2-1/2

[Event "2. Bundesliga Ost 2018/2019"]
[Site "alle Wien"]
[Date "2019.03.10"]
[Round "9"]
[Board "4"]
[White "Hofegger, Jakob"]
[Black "Vrana, Frantisek"]
[Result "0-1"]
[WhiteElo "2128"]
[BlackElo "2252"]
[PlyCount "120"]
[EventDate "2018.10.06"]
[EventType "team"]
[EventRounds "11"]
[EventCountry "AUT"]
[WhiteTeam "SK Advisory Invest Baden"]
[BlackTeam "SG Mistelbach/Altlichtenwarth"]

1. Nf3 f5 2. g3 Nf6 3. Bg2 g6 4. O-O Bg7 5. c4 O-O 6. Nc3 c6 7. d4 d6 8. d5 e5
9. dxe6 Bxe6 10. Bf4 Bxc4 11. Qxd6 Qxd6 12. Bxd6 Re8 13. Rfe1 Nbd7 14. Rad1 Nd5
15. Nxd5 Bxd5 16. Nd4 Bxa2 17. Ra1 Bxd4 18. Rxa2 Nf6 19. e3 Rad8 20. Bb4 Bb6
21. h3 h5 22. Raa1 Rd7 23. Red1 Red8 24. Rxd7 Rxd7 25. Bf1 Ne4 26. Kg2 Kh7 27.
Bc4 c5 28. Be1 a6 29. f3 Nf6 30. Kf2 Bd8 31. Bc3 Rd6 32. Ke2 b5 33. Be5 Rb6 34.
Rd1 Be7 35. Bb3 c4 36. Bc2 Re6 37. Bf4 Bc5 38. Rd8 Bb6 39. Rd1 Kg7 40. Bg5 Bc5
41. Rd8 Bd6 42. g4 hxg4 43. hxg4 fxg4 44. Bxf6+ Kxf6 45. fxg4 Bc7 46. Ra8 Kg5
47. Kf3 Rf6+ 48. Ke4 Rf2 49. Bd1 Rxb2 50. Rxa6 Rd2 51. Bf3 Bd6 52. Rc6 Kh4 53.
Rc8 Kg3 54. g5 Kh4 55. Rh8+ Kxg5 56. Rh1 c3 57. Rg1+ Kh6 58. Rh1+ Kg7 59. Bg4
c2 60. Ra1 Ba3  0-1

[Event "2. Bundesliga Ost 2018/2019"]
[Site "alle Wien"]
[Date "2019.03.10"]
[Round "9"]
[Board "5"]
[White "Hajek, Oskar"]
[Black "Zojer, Stefan"]
[Result "0-1"]
[WhiteElo "2147"]
[BlackElo "2125"]
[PlyCount "132"]
[EventDate "2018.10.06"]
[EventType "team"]
[EventRounds "11"]
[EventCountry "AUT"]
[WhiteTeam "SG Mistelbach/Altlichtenwarth"]
[BlackTeam "SK Advisory Invest Baden"]

1. e4 e5 2. Nf3 Nc6 3. Bb5 a6 4. Bxc6 dxc6 5. Nc3 Qf6 6. d4 exd4 7. Qxd4 Qxd4
8. Nxd4 Bd7 9. Bf4 O-O-O 10. O-O-O Ne7 11. f3 Ng6 12. Bg3 h5 13. Rd2 h4 14. Bf2
Bd6 15. Be3 Ne5 16. b3 c5 17. Nf5 Bxf5 18. exf5 c4 19. Rhd1 h3 20. Nb1 f6 21.
Rf1 hxg2 22. Rxg2 Rh3 23. Nd2 Ba3+ 24. Kb1 c3 25. Ne4 Rxf3 26. Bf2 Bb4 27. Re1
Rf4 28. a3 Nf3 29. axb4 Nxe1 30. Bxe1 Rd1+ 31. Ka2 Rxe1 32. Nxc3 Rxf5 33. Rxg7
Rf2 34. Kb2 c6 35. h4 f5 36. h5 Rh1 37. Na4 Rxh5 38. Nb6+ Kb8 39. Nd7+ Ka8 40.
Nb6+ Ka7 41. Nc8+ Kb8 42. Nd6 Rhh2 43. Rxb7+ Ka8 44. Rc7 Rxc2+ 45. Kb1 a5 46.
bxa5 f4 47. Rc8+ Ka7 48. Nb5+ Ka6 49. Nd4 Rcd2 50. Rxc6+ Kxa5 51. Nf3 Rh1+ 52.
Rc1 Rxc1+ 53. Kxc1 Rd3 54. Ne5 Rd5 55. Nf3 Kb4 56. Kc2 Kc5 57. Kc3 Kd6 58. b4
Ke6 59. b5 Kf5 60. Kc4 Ke4 61. b6 Rd6 62. Kc5 Rxb6 63. Ng5+ Kf5 64. Nf3 Rb8 65.
Nd4+ Ke4 66. Ne6 f3  0-1

[Event "2. Bundesliga Ost 2018/2019"]
[Site "alle Wien"]
[Date "2019.03.10"]
[Round "9"]
[Board "6"]
[White "Herndlbauer, Martin"]
[Black "Oberhuber, Alexander"]
[Result "1/2-1/2"]
[WhiteElo "2058"]
[BlackElo "2028"]
[PlyCount "115"]
[EventDate "2018.10.06"]
[EventType "team"]
[EventRounds "11"]
[EventCountry "AUT"]
[WhiteTeam "SK Advisory Invest Baden"]
[BlackTeam "SG Mistelbach/Altlichtenwarth"]

1. d4 Nf6 2. Nf3 c5 3. d5 g6 4. Nc3 Bg7 5. e4 d6 6. Be2 O-O 7. O-O Na6 8. Nd2
Nc7 9. a4 Bd7 10. Nc4 Rb8 11. f3 b6 12. Bg5 h6 13. Be3 a6 14. Qd2 Kh7 15. a5 b5
16. Nb6 b4 17. Nca4 Bxa4 18. Rxa4 Nd7 19. Nc4 Nb5 20. f4 Nd4 21. Bd3 f5 22. e5
Qc7 23. e6 Nf6 24. Nb6 Nxd5 25. Nxd5 Qc6 26. Rxb4 cxb4 27. Nxb4 Rxb4 28. Qxb4
Nxc2 29. Qb6 Qxb6 30. Bxb6 Nb4 31. Be2 Rc8 32. b3 d5 33. Rd1 Rc6 34. Bf3 Rxe6
35. Bxd5 Nxd5 36. Rxd5 Bc3 37. Rd7 Kg7 38. Bd8 Kf7 39. Rb7 Ke8 40. Bc7 Re4 41.
Kf1 Rb4 42. Ra7 Rxb3 43. Rxa6 Rb1+ 44. Ke2 Kd7 45. Kd3 Be1 46. Be5 g5 47. Rxh6
gxf4 48. a6 Bf2 49. Bxf4 Rb4 50. Be5 Ra4 51. g3 e6 52. Rg6 Rxa6 53. h4 Ra3+ 54.
Kc4 Ra4+ 55. Kd3 Re4 56. Bf4 Ke7 57. h5 Kf7 58. Bd2  1/2-1/2

[Event "2. Bundesliga Ost 2018/2019"]
[Site "alle Wien"]
[Date "2019.03.10"]
[Round "9"]
[Board "1"]
[White "Gstach, Jakob"]
[Black "Hupfer, Robert"]
[Result "1-0"]
[WhiteElo "2276"]
[BlackElo "2136"]
[PlyCount "65"]
[EventDate "2018.10.06"]
[EventType "team"]
[EventRounds "11"]
[EventCountry "AUT"]
[WhiteTeam "mpimmo Wien - SK Ottakring"]
[BlackTeam "DeLaVie Oberwart - www.trink-vitamine.at"]

1. d4 d5 2. c4 e6 3. Nc3 Nf6 4. cxd5 exd5 5. Bg5 c6 6. e3 h6 7. Bh4 Be7 8. Qc2
Ne4 9. Bxe7 Qxe7 10. Nxd5 cxd5 11. Qxc8+ Qd8 12. Qxb7 O-O 13. Bd3 Qa5+ 14. Kf1
Nd2+ 15. Ke2 Nc6 16. Qxc6 Nb3 17. Qc3 Qxc3 18. bxc3 Nxa1 19. Nf3 Rab8 20. Rxa1
Rb2+ 21. Nd2 Rc8 22. Rc1 Rxa2 23. c4 Kf8 24. c5 a5 25. e4 dxe4 26. Bxe4 Re8 27.
Kd3 Rxd2+ 28. Kxd2 Rxe4 29. Kd3 Re8 30. d5 Ra8 31. d6 Ke8 32. c6 a4 33. Re1+
 1-0

[Event "2. Bundesliga Ost 2018/2019"]
[Site "alle Wien"]
[Date "2019.03.10"]
[Round "9"]
[Board "2"]
[White "Benkoe, Markus"]
[Black "Steiner, Adam"]
[Result "1/2-1/2"]
[WhiteElo "2000"]
[BlackElo "2219"]
[PlyCount "175"]
[EventDate "2018.10.06"]
[EventType "team"]
[EventRounds "11"]
[EventCountry "AUT"]
[WhiteTeam "DeLaVie Oberwart - www.trink-vitamine.at"]
[BlackTeam "mpimmo Wien - SK Ottakring"]

1. d4 d5 2. c4 c6 3. e3 Nf6 4. Nc3 Bf5 5. Nf3 e6 6. Bd3 Bxd3 7. Qxd3 Bb4 8. O-O
O-O 9. a3 Bxc3 10. Qxc3 Nbd7 11. Qc2 Re8 12. b3 Rc8 13. c5 e5 14. dxe5 Nxe5 15.
Nxe5 Rxe5 16. Bb2 Rh5 17. f3 Nd7 18. Bd4 Nf8 19. Rad1 Ne6 20. Rf2 Qe7 21. Qc3
Re8 22. Rd3 Rh6 23. b4 Nxd4 24. Qxd4 Rh4 25. Qc3 Rc4 26. Qd2 a5 27. Rf1 axb4
28. axb4 b6 29. e4 bxc5 30. exd5 cxd5 31. Rxd5 cxb4 32. Rd7 Qc5+ 33. Kh1 Rc2
34. Qf4 Qc4 35. Qxc4 Rxc4 36. Rb7 h5 37. h3 Re2 38. Rd1 Rcc2 39. Rxb4 Rxg2 40.
Rb7 Rh2+ 41. Kg1 Rcg2+ 42. Kf1 Rf2+ 43. Kg1 Rhg2+ 44. Kh1 Rg3 45. Rd8+ Kh7 46.
Rxf7 Rxh3+ 47. Kg1 Rhxf3 48. Ra7 Rf8 49. Rdd7 Rf1+ 50. Kg2 R8f2+ 51. Kg3 h4+
52. Kxh4 Rg1 53. Kh3 Rf6 54. Kh2 Rg5 55. Rd3 Rf2+ 56. Kh1 Kg6 57. Raa3 Rh5+ 58.
Kg1 Rf6 59. Rg3+ Kh6 60. Kg2 Rb6 61. Rab3 Ra6 62. Ra3 Re6 63. Rae3 Rf6 64. Ra3
g5 65. Ra8 Kg7 66. Ra7+ Kg6 67. Ra8 Rf5 68. Ra6+ Rf6 69. Rxf6+ Kxf6 70. Ra3 Rh4
71. Ra6+ Kf5 72. Ra5+ Kg6 73. Kg3 Rb4 74. Ra6+ Kh5 75. Ra3 Rb5 76. Rc3 Ra5 77.
Rb3 Ra1 78. Rc3 Rg1+ 79. Kh2 Rg4 80. Kh3 Rg1 81. Kh2 Rf1 82. Kg3 Rf4 83. Ra3
Rf5 84. Rb3 Ra5 85. Rc3 Rb5 86. Ra3 Rb1 87. Rc3 Rg1+ 88. Kh2  1/2-1/2